Normal view
MARC view
- سلطان ، أنور
Entry Personal Name
001 - CONTROL NUMBER
- control field: 31236
003 - CONTROL NUMBER IDENTIFIER
- control field: JO-AjAnu
005 - DATE AND TIME OF LATEST TRANSACTION
- control field: 20230606075248.0
008 - FIXED-LENGTH DATA ELEMENTS
- fixed length control field: 230606|| aca||aabn | a|a d
040 ## - CATALOGING SOURCE
- Original cataloging agency: JO-AjAnu
- Transcribing agency: JO-AjAnu
100 ## - HEADING--PERSONAL NAME
- Personal name: سلطان ، أنور
670 ## - SOURCE DATA FOUND
- Source citation: Work cat.: (JO-AjAnu)16040: سلطان ، أنور , author, أحكام الالتزام : الموجز في النظرية العامة للالتزام : دراسة مقارنة في القانونين المصري و اللبناني